000 00490nam a2200193Ia 4500
003 0100
008 130303s9999 xx 000 0 und d
040 _cARRUPELIB
050 _aQA9.E9
100 _aEves, Howard
245 3 _aAn introduction to the foundations and fundamental concepts of mathematics
260 _aNY
260 _bRinehart
260 _C1958
300 _a363p
650 _bIgnatius of Loyola, st
700 _aby Howard Eves and Carroll V. Newson
942 0 0 _01
999 _c48946
_d48946